Triunfo

Bewaard in:
Bibliografische gegevens
Hoofdauteur: Quoist, Michel (Auteur)
Formaat: Boek
Taal:Spaans
Gepubliceerd in: Barcelona Herder 1986
Editie:4a. ed
Onderwerpen:
Tags: Voeg label toe
Geen labels, Wees de eerste die dit record labelt!

MARC

LEADER 00000cam a2200000 a 4500
001 UCF1261
003 CL-VaPUC
008 120629e19860000SP |||||||||||||||||spa|d
020 |a 842541296X 
082 0 4 |a 248  |b QUO  |2 21 
100 0 |a Quoist, Michel  |e author  |9 562853 
245 1 0 |a Triunfo 
250 |a 4a. ed 
300 |a 273 p 
942 |c BK 
945 |d 20120629 00:00:00  |a cmena 
260 |a Barcelona  |b Herder  |c 1986 
650 0 |a Vida espiritual  |9 307811 
650 0 |a Espiritualidad   |9 267331 
650 0 |a Naturaleza humana   |9 308593 
583 |a last modification  |c 20120629 12:35:00  |k Rodrigo Vera 
999 |c 348145  |d 348143 
952 |0 0  |1 0  |4 0  |6 248_000000000000000_QUO_1986  |7 0  |8 A  |9 450037  |a BIBEDU  |b BIBEDU  |d 2019-11-22  |i 4839056  |o 248 QUO 1986  |p 4839056  |r 2019-11-22  |w 2019-11-22  |y BK  |k EPE